000 00458nam a2200181Ia 4500
003 LK-CoDNM
005 20241206150948.0
008 010623t xxu||||| |||| 00| 1 eng d
040 _aLK-CoDNM
_dLK-CoDNM
_eLK-CoDNM
041 _aeng
080 _a294.32
_bGUN
100 _aGunaratna,V.F.
245 _aA Commentary on the Buddhist Doctrine of Dependent Origination
260 _bSarvodaya
300 _b67p. : 21 cm
650 _aBuddha
942 _cBK
999 _c133395
_d133395